Top Waifus De Dragon Ball - Statistiques

Statistiques générales
  • Ce quiz a été pris 136 fois
    89 depuis la dernière actualisation
  • Le résultat moyen est 6 sur 11
Statistiques - réponses
Classement Personnage % Correct
1 Bulma
100%
4 Chichi
97%
2 C18
92%
3 Videl
91%
5 Lunch
70%
8 Kale
49%
7 Caulifla
47%
11 Mai
46%
6 Ribrianne
18%
9 Cheelai
11%
10 Panchy
3%
Aucun quiz correspondant
Distribution des résultats
% des personnes avec chaque résultat
Percentile par nombre de réponses
Votre historique - résultats
Vous n’avez pas pris ce quiz depuis la dernière actualisation